| 000 | 00882cam a22002294a 4500 | ||
|---|---|---|---|
| 005 | 20041101114942.0 | ||
| 008 | 040512s2005 njua 001 0 eng | ||
| 010 | _aENG-95629 | ||
| 020 |
_a9788120338944 _c295.00 |
||
| 035 | _aEN-79162 | ||
| 037 | _bDBAD/PUB | ||
| 040 | _aDPL | ||
| 100 | _aRana, S.V.S. | ||
| 245 |
_aEssentials of ecology and environmental science _cby S.V.S. Rana |
||
| 250 | _a4th ed. | ||
| 260 |
_a New Delhi _bPHI Learining p.Ltd _c2009 |
||
| 300 |
_axiv, p.568 : _c23 cm.(Pbk) |
||
| 500 | _aIncludes bibliography refence and index. | ||
| 942 |
_2ddc _cEN _mRAN |
||
| 999 |
_c32587 _d32587 |
||